Normal view
MARC view
- أأبو مسلم، عبد المجيد العرابلي
Entry Personal Name
001 - CONTROL NUMBER
- control field: 14877
003 - CONTROL NUMBER IDENTIFIER
- control field: JO-AjAnu
005 - DATE AND TIME OF LATEST TRANSACTION
- control field: 20230606072656.0
008 - FIXED-LENGTH DATA ELEMENTS
- fixed length control field: 230606|| aca||aabn | a|a d
040 ## - CATALOGING SOURCE
- Original cataloging agency: JO-AjAnu
- Transcribing agency: JO-AjAnu
100 ## - HEADING--PERSONAL NAME
- Personal name: أأبو مسلم، عبد المجيد العرابلي
670 ## - SOURCE DATA FOUND
- Source citation: Work cat.: (JO-AjAnu)7639: أأبو مسلم، عبد المجيد العرابلي, author, حقيقة السموات كما صورها القرآن الكريم نور وهدى من الرحمن